Memoire sur la question agitée entre le gouvernement et les etats de Brabant, touchant le légalité du conseil de cette province, dans sa composition actuelle : suivi de deux notes, adressées l' une à Mr. le chancelier de Brabant; l' autre à Mr. De Jonghe, conseiller-pensionnaire des etats de Brabant, sous les dates de 14 et 21 mai 1791

Detalles Bibliográficos
Formato: Libro
Lenguaje:Undetermined
French
Publicado: Bruxelles : de l' imprimerie d' Emm, Flon, 1791.
Materias:
Colección:Banco de datos
Acervo:Biblioteca Palafoxiana. Colección bibliográfica
Descripción Física:16 p. , 4°
Tema general:Historia civil
Notas:Número de localización: 31931-T
LEADER 00826nam a2200169Ia 4500
008 150723s9999 xx 000 0 und d
041 0 |a fre 
050 0 |a PAFX D20 C6 
245 1 0 |a Memoire sur la question agitée entre le gouvernement et les etats de Brabant, touchant le légalité du conseil de cette province, dans sa composition actuelle : suivi de deux notes, adressées l' une à Mr. le chancelier de Brabant; l' autre à Mr. De Jonghe, conseiller-pensionnaire des etats de Brabant, sous les dates de 14 et 21 mai 1791 
260 |a Bruxelles : de l' imprimerie d' Emm, Flon, 1791. 
300 |a 16 p. , 4° 
500 |a Número de localización: 31931-T 
501 |a Encuadernado con 39 obras 
650 1 0 |a Historia civil 
942 |c PALALIB 
943 |g Biblioteca Palafoxiana. Colección bibliográfica 
999 |c 1063701  |d 1063701